000 00602nam a2200229Ia 4500
003 OSt
005 20220928102919.0
006 a|||||r|||| 00| 0
007 ta
008 220927b |||||||| |||| 00| 0 hin d
024 _a145623
037 _cTextual
040 _aSDCL
_cSDCL
_bhin
041 _2hin
_ahin
082 _aO152,1M5:g, R1
100 _aNagendra
_9391673
245 0 _aReeti kavya ki bhoomika.
260 _aNew Delhi
_bNational Publishing House
_c1977
300 _a189p.
_ccm.
942 _hO152,1M5:g, R1
_cTEXL
_2CC
999 _c717144
_d717144